000
00339nam a2200145Ia 4500
005
20251222144750.0
008
251222s9999||||xx |||||||||||||| ||spa||
020
_a
9789972454042
082
_a
870/E82
100
_a
Eslava, Jorge
245
0
_a
Paisaje de la MaƱana
250
_a
1ra.ed.
264
_b
Universidad de Lima
942
_c
LIB
999
_c
19314
_d
19314